[Event "18. Open de Sants Hostafrancs 2016"]
[Site "Barcelona ESP"]
[Date "2016.08.27"]
[Round "9.48"]
[White "Gonzalez Rodriguez, Jorge A"]
[Black "Orteu Capdevila, Max"]
[Result "1-0"]
[WhiteElo "2306"]
[BlackElo "2147"]
[PlyCount "57"]
[EventDate "2016.08.19"]
[EventType "swiss"]
[EventRounds "10"]
[EventCountry "ESP"]
[SourceTitle "Ajedrez en Madrid"]
[Source "lmi"]
[SourceDate "2016.08.19"]

1. c4 Nf6 2. Nc3 c5 3. e4 d6 4. g3 e6 5. Bg2 a6 6. Nge2 Qc7 7. b3 Be7 8. Bb2
Nc6 9. d4 cxd4 10. Nxd4 Bd7 11. Rc1 Nxd4 12. Qxd4 O-O 13. O-O Rfd8 14. Rfd1
Rac8 15. a4 Be8 16. h3 h6 17. Ba3 Bf8 18. Rd2 b6 19. Rcd1 Be7 20. Qe3 Bc6 21.
e5 Ne8 22. Bxc6 Qxc6 23. Ne4 Bf8 24. Nxd6 Bxd6 25. Bxd6 Rd7 26. Ba3 Rcd8 27.
Rxd7 Rxd7 28. Rxd7 Qxd7 29. Qxb6 1-0

[Event "18. Open de Sants Hostafrancs 2016"]
[Site "Barcelona ESP"]
[Date "2016.08.27"]
[Round "9.49"]
[White "Gonzalez Valero, Julio"]
[Black "Alanic, Mickael"]
[Result "1-0"]
[WhiteElo "2200"]
[BlackElo "2295"]
[PlyCount "55"]
[EventDate "2016.08.19"]
[EventType "swiss"]
[EventRounds "10"]
[EventCountry "ESP"]
[SourceTitle "Ajedrez en Madrid"]
[Source "lmi"]
[SourceDate "2016.08.19"]

1. d4 Nf6 2. Bg5 c5 3. Bxf6 gxf6 4. d5 f5 5. c3 d6 6. g3 Nd7 7. Bg2 Bg7 8. Nh3
h5 9. Nd2 h4 10. Nf4 Nf6 11. Qc2 Bd7 12. O-O-O Qa5 13. Kb1 Ba4 14. Nb3 Qa6 15.
Qxf5 c4 16. Nd4 Bxd1 17. Rxd1 hxg3 18. hxg3 Qa4 19. Re1 Qd7 20. Nfe6 Bf8 21. g4
Rg8 22. Bf3 Bh6 23. Rh1 Bg5 24. Bg2 fxe6 25. Nxe6 Rc8 26. f4 Bxf4 27. Qxf4 Qb5
28. Qf5 1-0

[Event "18. Open de Sants Hostafrancs 2016"]
[Site "Barcelona ESP"]
[Date "2016.08.27"]
[Round "9.50"]
[White "Alanic, Xavier"]
[Black "Blasco Coll, Andreu"]
[Result "0-1"]
[WhiteElo "2289"]
[BlackElo "2143"]
[PlyCount "77"]
[EventDate "2016.08.19"]
[EventType "swiss"]
[EventRounds "10"]
[EventCountry "ESP"]
[SourceTitle "Ajedrez en Madrid"]
[Source "lmi"]
[SourceDate "2016.08.19"]

1. c4 e5 2. Nc3 Nf6 3. g3 d5 4. cxd5 Nxd5 5. Bg2 Nb6 6. d3 Be7 7. Be3 O-O 8.
Rc1 Re8 9. a3 Bf8 10. Qc2 f6 11. h4 c6 12. Nf3 Be6 13. Ne4 N8d7 14. O-O h6 15.
Rfd1 f5 16. Nc5 Nxc5 17. Bxc5 Qf6 18. Bxf8 Rxf8 19. Qc3 Nd7 20. Qb4 Rab8 21. e4
c5 22. Qa5 f4 23. Rd2 Qg6 24. Kh2 Qh5 25. Ng1 g5 26. Bh3 Bxh3 27. Nxh3 Nf6 28.
Rg1 Ng4+ 29. Kg2 fxg3 30. Qxc5 Nxf2 31. Qe3 Nxh3 32. Qxg3 Nf4+ 33. Kh1 Ne2 34.
Qg4 Qxg4 35. Rxg4 Rf1+ 36. Kh2 Nd4 37. Kg2 Rf4 38. Kg3 Rxg4+ 39. Kxg4 0-1

[Event "18. Open de Sants Hostafrancs 2016"]
[Site "Barcelona ESP"]
[Date "2016.08.27"]
[Round "9.51"]
[White "Keller, Peter"]
[Black "Mihajlov, Svetoslav"]
[Result "1-0"]
[WhiteElo "2286"]
[BlackElo "2154"]
[PlyCount "97"]
[EventDate "2016.08.19"]
[EventType "swiss"]
[EventRounds "10"]
[EventCountry "ESP"]
[SourceTitle "Ajedrez en Madrid"]
[Source "lmi"]
[SourceDate "2016.08.19"]

1. e4 c5 2. Nf3 a6 3. c3 g6 4. d4 cxd4 5. cxd4 Bg7 6. Nc3 d6 7. Bc4 b5 8. Bb3
e6 9. O-O Ne7 10. Ne2 Bb7 11. Ng3 Nd7 12. h4 Nf6 13. Re1 h5 14. Bg5 Nh7 15. Bf4
O-O 16. Qd2 Qb6 17. Be3 d5 18. e5 a5 19. Bc2 Nf5 20. Bxf5 exf5 21. Rac1 Rfc8
22. Ne2 Bf8 23. Rxc8 Rxc8 24. Rc1 Rc4 25. Nf4 Bb4 26. Qd1 Nf8 27. Bd2 Be7 28.
b3 Rxc1 29. Qxc1 b4 30. Be3 Qc6 31. Qxc6 Bxc6 32. Kf1 Ne6 33. Ke1 Nc7 34. Kd2
Kg7 35. Kc2 Bb5 36. Bd2 Bc6 37. a3 Na6 38. axb4 axb4 39. Nh3 Nc7 40. Bg5 Bxg5
41. hxg5 Ne6 42. Kd2 f4 43. g3 fxg3 44. fxg3 Kf8 45. Ke3 Nc7 46. Nf4 Bb5 47.
Ne1 Ke7 48. Nc2 Bc4 49. bxc4 1-0

[Event "18. Open de Sants Hostafrancs 2016"]
[Site "Barcelona ESP"]
[Date "2016.08.28"]
[Round "10.1"]
[White "Cori, Jorge"]
[Black "Ma, Qun"]
[Result "1/2-1/2"]
[WhiteElo "2601"]
[BlackElo "2621"]
[PlyCount "62"]
[EventDate "2016.08.19"]
[EventType "swiss"]
[EventRounds "10"]
[EventCountry "ESP"]
[SourceTitle "Ajedrez en Madrid"]
[Source "lmi"]
[SourceDate "2016.08.19"]

1. d4 d5 2. c4 c6 3. cxd5 cxd5 4. Nc3 Nf6 5. Bf4 Nc6 6. e3 a6 7. Bd3 Bg4 8.
Nge2 e6 9. Rc1 Be7 10. f3 Bh5 11. g4 Bg6 12. Bg3 Bxd3 13. Qxd3 Rc8 14. h4 O-O
15. Kf2 Na5 16. h5 h6 17. Nf4 Nc4 18. b3 Nd6 19. Kg2 Nd7 20. Nce2 Qb6 21. Rxc8
Rxc8 22. Rc1 Rc6 23. Qd2 Nb5 24. Nd3 Na7 25. Rc2 Bg5 26. Bf4 Rxc2 27. Qxc2 Nc6
28. Qc3 Bxf4 29. Nexf4 Qc7 30. Ne2 Qd8 31. a4 a5 1/2-1/2

[Event "18. Open de Sants Hostafrancs 2016"]
[Site "Barcelona ESP"]
[Date "2016.08.28"]
[Round "10.2"]
[White "Sasikiran, Krishnan"]
[Black "Zeng, Chongsheng"]
[Result "1-0"]
[WhiteElo "2658"]
[BlackElo "2538"]
[PlyCount "57"]
[EventDate "2016.08.19"]
[EventType "swiss"]
[EventRounds "10"]
[EventCountry "ESP"]
[SourceTitle "Ajedrez en Madrid"]
[Source "lmi"]
[SourceDate "2016.08.19"]

1. Nf3 Nf6 2. g3 b6 3. Bg2 Bb7 4. O-O e6 5. d3 d5 6. c4 Nbd7 7. cxd5 Nxd5 8. e4
N5f6 9. Nc3 Nc5 10. e5 Nd5 11. d4 Nd7 12. Nh4 c6 13. f4 g6 14. Nxd5 cxd5 15. f5
exf5 16. Nxf5 gxf5 17. Rxf5 Qe7 18. Qh5 Qe6 19. Bh3 Qg6 20. Qf3 Be7 21. Bd2
O-O-O 22. Rxf7 Rhe8 23. Bf5 Qg8 24. e6 Nb8 25. Bf4 Nc6 26. Rc1 Qh8 27. Qd3 Bc5
28. e7+ Rd7 29. Bxd7+ 1-0

[Event "18. Open de Sants Hostafrancs 2016"]
[Site "Barcelona ESP"]
[Date "2016.08.28"]
[Round "10.4"]
[White "Sandipan, Chanda"]
[Black "Delorme, Axel"]
[Result "1/2-1/2"]
[WhiteElo "2572"]
[BlackElo "2500"]
[PlyCount "100"]
[EventDate "2016.08.19"]
[EventType "swiss"]
[EventRounds "10"]
[EventCountry "ESP"]
[SourceTitle "Ajedrez en Madrid"]
[Source "lmi"]
[SourceDate "2016.08.19"]

1. d4 d5 2. Nf3 Nf6 3. Bf4 Bf5 4. e3 e6 5. Bd3 Ne4 6. Nfd2 Nxd2 7. Qxd2 Bxd3 8.
Qxd3 Nd7 9. Nc3 Bb4 10. a3 Bxc3+ 11. Qxc3 Rc8 12. Qb3 Nb6 13. a4 Rb8 14. Qb5+
Nd7 15. Qa5 b6 16. Qxa7 e5 17. dxe5 Nc5 18. e6 Rb7 19. Bxc7 Qc8 20. exf7+ Kxf7
21. Qxb6 Rxb6 22. Bxb6 Qc6 23. Bxc5 Qxc5 24. O-O Rb8 25. a5 Rxb2 26. a6 Qa7 27.
Rfd1 Ke6 28. c3 Rb3 29. Ra5 Rxc3 30. Raxd5 Qxa6 31. h4 Rc2 32. R5d2 Rc5 33. Rd4
Qc6 34. Rg4 g6 35. Rf4 g5 36. hxg5 Rxg5 37. g3 Qc2 38. Ra1 Rd5 39. Ra6+ Ke5 40.
Ra1 Qb2 41. Rf1 Rd6 42. Rh4 Rf6 43. Rxh7 Ke4 44. Kg2 Kd3 45. Rd7+ Ke2 46. Rdd1
Qb4 47. f3 Qc3 48. Rc1 Qb4 49. Rb1 Qc3 50. Rbc1 Qb4 1/2-1/2

[Event "18. Open de Sants Hostafrancs 2016"]
[Site "Barcelona ESP"]
[Date "2016.08.28"]
[Round "10.5"]
[White "Baghdasaryan, Vahe"]
[Black "Moussard, Jules"]
[Result "0-1"]
[WhiteElo "2488"]
[BlackElo "2539"]
[PlyCount "58"]
[EventDate "2016.08.19"]
[EventType "swiss"]
[EventRounds "10"]
[EventCountry "ESP"]
[SourceTitle "Ajedrez en Madrid"]
[Source "lmi"]
[SourceDate "2016.08.19"]

1. c4 g6 2. Nc3 Bg7 3. g3 e5 4. Bg2 d6 5. d3 f5 6. e4 Nf6 7. Nge2 O-O 8. O-O f4
9. gxf4 Nh5 10. f5 Nc6 11. Nd5 gxf5 12. Ng3 Nf4 13. Nxf4 exf4 14. Bxf4 fxe4 15.
Nh5 Kh8 16. Bxe4 Bh3 17. Bg3 Be5 18. Bxc6 bxc6 19. Bxe5+ dxe5 20. Re1 Rxf2 21.
Kxf2 Qh4+ 22. Ng3 Qd4+ 23. Re3 Rf8+ 24. Ke1 Qxe3+ 25. Qe2 Qg1+ 26. Kd2 Qd4 27.
Ke1 Bg4 28. Qg2 Qe3+ 29. Ne2 Bh3 0-1

[Event "18. Open de Sants Hostafrancs 2016"]
[Site "Barcelona ESP"]
[Date "2016.08.28"]
[Round "10.6"]
[White "Brochet, Philippe"]
[Black "Cruz, Cristhian"]
[Result "0-1"]
[WhiteElo "2401"]
[BlackElo "2533"]
[PlyCount "38"]
[EventDate "2016.08.19"]
[EventType "swiss"]
[EventRounds "10"]
[EventCountry "ESP"]
[SourceTitle "Ajedrez en Madrid"]
[Source "lmi"]
[SourceDate "2016.08.19"]

1. e4 c5 2. Nf3 e6 3. c4 Nc6 4. Nc3 Nf6 5. Be2 b6 6. d4 cxd4 7. Nxd4 Bb7 8. Bf4
Nxd4 9. Qxd4 Bb4 10. Bf3 d6 11. O-O-O e5 12. Bxe5 dxe5 13. Qxe5+ Qe7 14. Qb5+
Kf8 15. e5 Bxc3 16. exf6 Bxf6 17. Rd7 Bxb2+ 18. Kc2 Be4+ 19. Kb3 Qa3# 0-1

[Event "18. Open de Sants Hostafrancs 2016"]
[Site "Barcelona ESP"]
[Date "2016.08.28"]
[Round "10.7"]
[White "Admiraal, Miguoel"]
[Black "Bachmann, Axel"]
[Result "1/2-1/2"]
[WhiteElo "2458"]
[BlackElo "2656"]
[PlyCount "240"]
[EventDate "2016.08.19"]
[EventType "swiss"]
[EventRounds "10"]
[EventCountry "ESP"]
[SourceTitle "Ajedrez en Madrid"]
[Source "lmi"]
[SourceDate "2016.08.19"]

1. e4 g6 2. d4 Bg7 3. Nf3 d6 4. Be2 a6 5. O-O Nf6 6. Nc3 O-O 7. a3 Nc6 8. d5
Nb8 9. h3 c6 10. Re1 b5 11. Bf1 Bb7 12. dxc6 Nxc6 13. Nd5 Nd7 14. c4 bxc4 15.
Bxc4 e6 16. Bg5 f6 17. Nf4 fxg5 18. Nxe6 Qe7 19. Nfxg5 Kh8 20. Nxf8 Rxf8 21.
Ne6 Be5 22. Nxf8 Qxf8 23. Bd5 Nf6 24. Rc1 Qa8 25. Qa4 Ne7 26. Bxb7 Qxb7 27. Rc2
g5 28. Qc4 Neg8 29. g3 h5 30. b4 h4 31. Qc7 Qb5 32. Rc5 Qe8 33. Rc3 hxg3 34.
fxg3 d5 35. exd5 Bd4+ 36. Kf1 Qb5+ 37. Qc4 Bxc3 38. Qxb5 axb5 39. Rd1 Nd7 40.
Rc1 Bb2 41. Rc7 Ngf6 42. Rb7 Bxa3 43. Rxb5 Kg7 44. d6 Kg6 45. Kg2 Bb2 46. Ra5
Bc3 47. Ra4 Be5 48. b5 Bxd6 49. Rd4 Bc5 50. Ra4 Kf5 51. Rc4 Nd5 52. Ra4 Ne3+
53. Kf3 Ne5+ 54. Ke2 Nd5 55. Ra8 Ke4 56. h4 g4 57. h5 Be3 58. Ra6 Nc3+ 59. Kf1
Nxb5 60. h6 Bd4 61. Rf6 Nd3 62. Rf8 Nc7 63. h7 Ne6 64. h8=Q Bxh8 65. Rxh8 Kf3
66. Ra8 Nec5 67. Rf8+ Ke3 68. Rg8 Ne5 69. Kg2 Ncd3 70. Ra8 Ne1+ 71. Kf1 N1f3
72. Kg2 Nd2 73. Ra3+ Nd3 74. Ra4 Ne1+ 75. Kg1 Ne4 76. Ra3+ Ke2 77. Ra4 Ke3 78.
Ra3+ Nd3 79. Kg2 Nd2 80. Ra4 Ne1+ 81. Kg1 Ndf3+ 82. Kf1 Nc2 83. Kg2 Nfd4 84.
Ra8 Ke2 85. Ra2 Ke1 86. Ra4 Ne3+ 87. Kh1 Nf3 88. Ra1+ Ke2 89. Ra2+ Nd2 90. Kg1
Ke1 91. Ra1+ Nd1 92. Ra4 Nf3+ 93. Kg2 Ne3+ 94. Kh1 Kf1 95. Ra1+ Ne1 96. Ra4 Nd3
97. Ra1+ Kf2 98. Ra4 Ke2 99. Kg1 Ne5 100. Ra2+ Kf3 101. Ra4 N5c4 102. Ra8 Nd6
103. Rf8+ Ndf5 104. Rg8 Nd4 105. Kh2 Kf2 106. Kh1 Ke2 107. Ra8 Kf1 108. Ra4 Nf3
109. Ra1+ Ne1 110. Kh2 Kf2 111. Ra2+ N1c2 112. Kh1 Kf3 113. Ra4 Kxg3 114. Kg1
Kf3 115. Rxg4 Nxg4 116. Kf1 Nge3+ 117. Kg1 Kg3 118. Kh1 Nc4 119. Kg1 Nd2 120.
Kh1 Nf3 1/2-1/2

[Event "18. Open de Sants Hostafrancs 2016"]
[Site "Barcelona ESP"]
[Date "2016.08.28"]
[Round "10.9"]
[White "Valdes Romero, Leonardo"]
[Black "Alonso Rosell, Alvar"]
[Result "1/2-1/2"]
[WhiteElo "2386"]
[BlackElo "2524"]
[PlyCount "28"]
[EventDate "2016.08.19"]
[EventType "swiss"]
[EventRounds "10"]
[EventCountry "ESP"]
[SourceTitle "Ajedrez en Madrid"]
[Source "lmi"]
[SourceDate "2016.08.19"]

1. Nf3 c5 2. c4 Nc6 3. Nc3 g6 4. g3 Bg7 5. Bg2 e6 6. d4 cxd4 7. Nb5 d5 8. cxd5
exd5 9. O-O Nge7 10. Bf4 O-O 11. Nc7 Rb8 12. Nb5 Ra8 13. Nc7 Rb8 14. Nb5 Ra8
1/2-1/2

[Event "18. Open de Sants Hostafrancs 2016"]
[Site "Barcelona ESP"]
[Date "2016.08.28"]
[Round "10.10"]
[White "Schroeder, Jan-christian"]
[Black "Lorenzo De La Riva, Lazaro"]
[Result "0-1"]
[WhiteElo "2523"]
[BlackElo "2355"]
[PlyCount "112"]
[EventDate "2016.08.19"]
[EventType "swiss"]
[EventRounds "10"]
[EventCountry "ESP"]
[SourceTitle "Ajedrez en Madrid"]
[Source "lmi"]
[SourceDate "2016.08.19"]

1. e4 c5 2. Nf3 d6 3. d4 cxd4 4. Nxd4 Nf6 5. Nc3 g6 6. Be3 Bg7 7. f3 Nc6 8. Qd2
O-O 9. O-O-O d5 10. exd5 Nxd5 11. Nxc6 bxc6 12. Bd4 e5 13. Bc5 Be6 14. Ne4 Re8
15. h4 h6 16. g4 Qc7 17. h5 g5 18. Bc4 Red8 19. Qf2 a5 20. a4 Qb7 21. Bb3 Nf4
22. Bxe6 Nxe6 23. Bd6 c5 24. Bxc5 Rdc8 25. Nd6 Qc6 26. Nxc8 Rxc8 27. Ba7 Qxa4
28. Kb1 e4 29. c3 Rc7 30. Rd6 exf3 31. Re1 Qxg4 32. Bb6 Rc8 33. Qc2 a4 34. Re4
Qg3 35. Rd7 Qh3 36. Qxa4 Qf5 37. Qc2 g4 38. Bf2 Qxh5 39. Rb4 Qg5 40. Qe4 g3 41.
Be3 Qg6 42. Qxg6 fxg6 43. Rd1 Rf8 44. Rg4 f2 45. Rf1 Rf3 46. Ba7 g5 47. Bb8 Nf4
48. Rxg3 Rxg3 49. Rxf2 Rg2 50. Rxg2 Nxg2 51. Kc2 Kf7 52. b4 Ke6 53. c4 h5 54.
b5 Bd4 55. Kd3 Bb6 56. Ke4 Ne3 0-1

[Event "18. Open de Sants Hostafrancs 2016"]
[Site "Barcelona ESP"]
[Date "2016.08.28"]
[Round "10.11"]
[White "Vera Siguenas, Deivy"]
[Black "Lapshun, Yury"]
[Result "1-0"]
[WhiteElo "2496"]
[BlackElo "2396"]
[PlyCount "117"]
[EventDate "2016.08.19"]
[EventType "swiss"]
[EventRounds "10"]
[EventCountry "ESP"]
[SourceTitle "Ajedrez en Madrid"]
[Source "lmi"]
[SourceDate "2016.08.19"]

1. e4 d5 2. exd5 Qxd5 3. Nc3 Qa5 4. d4 Nf6 5. Nf3 Nc6 6. Bd2 Bg4 7. Nb5 Qb6 8.
c4 Bxf3 9. Qxf3 Nxd4 10. Nxd4 Qxd4 11. Qxb7 Qe4+ 12. Qxe4 Nxe4 13. Be3 e5 14.
Bd3 Nc5 15. Bc2 O-O-O 16. Rd1 Be7 17. Ke2 g6 18. a3 Ne6 19. Rd5 c5 20. Be4 Nc7
21. Rxd8+ Rxd8 22. g4 Ne6 23. Bd5 Nf4+ 24. Bxf4 exf4 25. Kf3 Kc7 26. Re1 Bd6
27. Bxf7 g5 28. h4 gxh4 29. Rh1 Be7 30. Bd5 Rb8 31. Kxf4 Rxb2 32. f3 h6 33. Kf5
Rf2 34. Ke6 Bg5 35. Be4 Rd2 36. Ke5 Be7 37. Bd5 Re2+ 38. Kf5 Bg5 39. Rf1 Be3
40. f4 Rb2 41. Re1 Rb3 42. a4 a5 43. g5 hxg5 44. fxg5 Kd8 45. Rh1 Bf2 46. g6
Rg3 47. Rxh4 Bd4 48. Rh7 Rg1 49. Be4 Ke8 50. Ra7 Bc3 51. Ke6 Kf8 52. Rf7+ Kg8
53. Kd6 Bb4 54. Rc7 Kf8 55. Ke6 Ba3 56. g7+ Kg8 57. Bd5 Kh7 58. g8=Q+ Kxg8 59.
Kf6+ 1-0

[Event "18. Open de Sants Hostafrancs 2016"]
[Site "Barcelona ESP"]
[Date "2016.08.28"]
[Round "10.12"]
[White "Reshef, Omer"]
[Black "Movsziszian, Karen"]
[Result "0-1"]
[WhiteElo "2420"]
[BlackElo "2495"]
[PlyCount "157"]
[EventDate "2016.08.19"]
[EventType "swiss"]
[EventRounds "10"]
[EventCountry "ESP"]
[SourceTitle "Ajedrez en Madrid"]
[Source "lmi"]
[SourceDate "2016.08.19"]

1. e4 g6 2. d4 Bg7 3. Nc3 a6 4. f4 d5 5. e5 h5 6. Nf3 Bg4 7. h3 Bxf3 8. Qxf3 e6
9. g3 c5 10. dxc5 Qa5 11. Rb1 Qxc5 12. b4 Qc7 13. Bd2 Ne7 14. Bd3 Nd7 15. h4
Nb6 16. O-O Nc4 17. Be1 O-O 18. Ne2 Rac8 19. Nd4 Qb6 20. c3 Nc6 21. Qe2 Nxd4
22. cxd4 Rc7 23. Bf2 Rfc8 24. Kh2 Na3 25. Rb3 Nb5 26. g4 Nc3 27. Rxc3 Rxc3 28.
gxh5 gxh5 29. Rg1 Qxb4 30. Rg3 Rxd3 31. Qxd3 Qc4 32. Qf3 Qc2 33. Qg2 Qh7 34. f5
Kh8 35. f6 Bh6 36. Qf3 Qf5 37. Qxf5 exf5 38. Rf3 f4 39. a4 b5 40. axb5 axb5 41.
Rb3 Rb8 42. Be1 Kh7 43. Bb4 Kg6 44. Bd6 Rc8 45. Kg2 Kf5 46. Kf3 Rc4 47. Bc5 b4
48. Rxb4 Rc3+ 49. Kf2 f3 50. Rb1 Be3+ 51. Kg3 f2 52. Kg2 Rd3 53. Kf1 Rd2 54.
Ra1 Bxd4 55. Bxd4 Rxd4 56. Ra7 Kxe5 57. Rxf7 Rxh4 58. Kxf2 Rf4+ 59. Ke3 Rxf6
60. Rh7 d4+ 61. Kd3 Rf3+ 62. Kc4 Rc3+ 63. Kb4 Rh3 64. Kc4 d3 65. Rd7 h4 66.
Rd5+ Kf4 67. Rd4+ Kf3 68. Rxd3+ Kg2 69. Rd2+ Kf1 70. Kd4 Rf3 71. Rh2 h3 72. Ke4
Ra3 73. Rb2 Kg1 74. Kf4 h2 75. Rb1+ Kg2 76. Rb2+ Kh3 77. Rb1 Rg3 78. Rb8 Rg4+
79. Ke5 0-1

[Event "18. Open de Sants Hostafrancs 2016"]
[Site "Barcelona ESP"]
[Date "2016.08.28"]
[Round "10.13"]
[White "Harutyunian, Tigran K"]
[Black "Colmenares, Aurelio"]
[Result "1-0"]
[WhiteElo "2485"]
[BlackElo "2350"]
[PlyCount "61"]
[EventDate "2016.08.19"]
[EventType "swiss"]
[EventRounds "10"]
[EventCountry "ESP"]
[SourceTitle "Ajedrez en Madrid"]
[Source "lmi"]
[SourceDate "2016.08.19"]

1. c4 c5 2. Nc3 Nc6 3. g3 g6 4. Bg2 Bg7 5. Nf3 e6 6. d4 cxd4 7. Nb5 d5 8. cxd5
exd5 9. O-O Nge7 10. Bf4 O-O 11. Qd2 Bf5 12. Nfxd4 Nxd4 13. Nxd4 Be4 14. Bh3
Qb6 15. Be3 Qf6 16. Rfd1 Rfe8 17. Rac1 Nc6 18. Nxc6 bxc6 19. Bd7 Red8 20. Bg5
Qe5 21. Bxc6 Rac8 22. Bxd8 Rxd8 23. f3 Bf5 24. e4 Be6 25. Bxd5 Bxd5 26. exd5
Bf8 27. Kg2 h5 28. Qd4 Qe2+ 29. Qf2 Qb5 30. Rc2 a5 31. Qe2 1-0

[Event "18. Open de Sants Hostafrancs 2016"]
[Site "Barcelona ESP"]
[Date "2016.08.28"]
[Round "10.14"]
[White "Cruz, Jonathan"]
[Black "Rios, Cristhian Camilo"]
[Result "1/2-1/2"]
[WhiteElo "2433"]
[BlackElo "2490"]
[PlyCount "61"]
[EventDate "2016.08.19"]
[EventType "swiss"]
[EventRounds "10"]
[EventCountry "ESP"]
[SourceTitle "Ajedrez en Madrid"]
[Source "lmi"]
[SourceDate "2016.08.19"]

1. d4 Nf6 2. c4 e6 3. g3 Bb4+ 4. Bd2 c5 5. Bg2 O-O 6. Bxb4 cxb4 7. Nf3 d6 8.
O-O a5 9. a3 Na6 10. axb4 Nxb4 11. Nc3 Qc7 12. Rc1 Bd7 13. e4 Rfd8 14. Qe2 e5
15. dxe5 dxe5 16. Nd5 Nfxd5 17. exd5 f6 18. c5 Nxd5 19. Nxe5 fxe5 20. Bxd5+ Kh8
21. Rfe1 Re8 22. Qh5 Bc6 23. Bf7 Re7 24. Bg6 h6 25. Bf5 Be8 26. Qg4 Ra6 27. Be4
Rf6 28. Re3 Bc6 29. Rf3 Rxf3 30. Qxf3 Bxe4 31. Qxe4 1/2-1/2

[Event "18. Open de Sants Hostafrancs 2016"]
[Site "Barcelona ESP"]
[Date "2016.08.28"]
[Round "10.15"]
[White "Fier, Alexandr"]
[Black "Mu, Ke"]
[Result "1/2-1/2"]
[WhiteElo "2627"]
[BlackElo "2419"]
[PlyCount "54"]
[EventDate "2016.08.19"]
[EventType "swiss"]
[EventRounds "10"]
[EventCountry "ESP"]
[SourceTitle "Ajedrez en Madrid"]
[Source "lmi"]
[SourceDate "2016.08.19"]

1. d4 d5 2. c4 c6 3. Nf3 Nf6 4. e3 e6 5. b3 Nbd7 6. Bd3 Bd6 7. Bb2 O-O 8. O-O
b6 9. Nc3 Bb7 10. Qc2 Qe7 11. Rad1 Rad8 12. e4 dxc4 13. Bxc4 b5 14. e5 bxc4 15.
exd6 Qxd6 16. bxc4 c5 17. d5 exd5 18. cxd5 Rfe8 19. Rd2 Qf4 20. Rfd1 Qc4 21.
Qf5 h6 22. h3 Bc8 23. Qb1 Nb6 24. d6 Bb7 25. Qf5 Bc8 26. Qb1 Bb7 27. Qf5 Bc8
1/2-1/2

[Event "18. Open de Sants Hostafrancs 2016"]
[Site "Barcelona ESP"]
[Date "2016.08.28"]
[Round "10.16"]
[White "Kunin, Vitaly"]
[Black "Ochsner, Bjorn Moller"]
[Result "1-0"]
[WhiteElo "2592"]
[BlackElo "2417"]
[PlyCount "75"]
[EventDate "2016.08.19"]
[EventType "swiss"]
[EventRounds "10"]
[EventCountry "ESP"]
[SourceTitle "Ajedrez en Madrid"]
[Source "lmi"]
[SourceDate "2016.08.19"]

1. e4 c5 2. Nf3 d6 3. c3 Nf6 4. h3 Nc6 5. Bd3 e5 6. Bc2 Be7 7. d4 cxd4 8. cxd4
O-O 9. Nc3 exd4 10. Nxd4 d5 11. exd5 Nxd5 12. Nxc6 bxc6 13. Nxd5 cxd5 14. O-O
Bf6 15. Rb1 Bb7 16. Qd3 g6 17. Bh6 Re8 18. Bb3 Qb6 19. Rfe1 Rxe1+ 20. Rxe1 Rd8
21. Qe2 Bg7 22. Bxg7 Kxg7 23. Qe7 Rd6 24. Qe5+ Rf6 25. Re3 d4 26. Rd3 Qc6 27.
f3 Qc1+ 28. Kh2 Qxb2 29. Bxf7 Qc2 30. Bb3 Qxd3 31. Qe7+ Kh6 32. Qxf6 Qe3 33. h4
d3 34. Qf8+ Kh5 35. Kh3 Bc8+ 36. Qxc8 Qe7 37. g4+ Kh6 38. g5+ 1-0

[Event "18. Open de Sants Hostafrancs 2016"]
[Site "Barcelona ESP"]
[Date "2016.08.28"]
[Round "10.17"]
[White "Jakubowski, Krzysztof"]
[Black "Stella, Andrea"]
[Result "0-1"]
[WhiteElo "2548"]
[BlackElo "2415"]
[PlyCount "62"]
[EventDate "2016.08.19"]
[EventType "swiss"]
[EventRounds "10"]
[EventCountry "ESP"]
[SourceTitle "Ajedrez en Madrid"]
[Source "lmi"]
[SourceDate "2016.08.19"]

1. d4 e6 2. c4 Bb4+ 3. Bd2 a5 4. Nc3 d6 5. e4 e5 6. d5 Na6 7. Bd3 Ne7 8. a3 Nc5
9. Bc2 Bxc3 10. Bxc3 f5 11. exf5 Bxf5 12. Ne2 O-O 13. O-O a4 14. f4 Bxc2 15.
Qxc2 Nf5 16. Rf3 e4 17. Rh3 Qe8 18. Ng3 Qg6 19. Nxe4 Nh6 20. Rg3 Ng4 21. Qe2
Nxe4 22. Rxg4 Nxc3 23. bxc3 Rae8 24. Qf3 Qe4 25. Qg3 Re7 26. Rf1 Qxc4 27. f5
Qc5+ 28. Kh1 Qxd5 29. Rgf4 Rf6 30. h3 b5 31. c4 bxc4 0-1

[Event "18. Open de Sants Hostafrancs 2016"]
[Site "Barcelona ESP"]
[Date "2016.08.28"]
[Round "10.18"]
[White "Gual Pascual, Antonio"]
[Black "Kobo, Ori"]
[Result "0-1"]
[WhiteElo "2397"]
[BlackElo "2489"]
[PlyCount "67"]
[EventDate "2016.08.19"]
[EventType "swiss"]
[EventRounds "10"]
[EventCountry "ESP"]
[SourceTitle "Ajedrez en Madrid"]
[Source "lmi"]
[SourceDate "2016.08.19"]

1. d4 Nf6 2. Nf3 d5 3. c4 e6 4. Nc3 dxc4 5. e4 Bb4 6. e5 Nd5 7. Bd2 Nb6 8. Qc2
Nc6 9. Qe4 Ne7 10. a3 Bxc3 11. bxc3 Qd5 12. Qg4 Ng6 13. Be2 Bd7 14. Ng5 Bc6 15.
Bf3 Qd7 16. Bxc6 Qxc6 17. O-O h6 18. Ne4 O-O-O 19. Rfb1 Rd5 20. h4 h5 21. Qg3
Rxd4 22. cxd4 Qxe4 23. Bg5 Nd5 24. Re1 Qf5 25. Rac1 c3 26. Rxc3 Nxc3 27. Qxc3
f6 28. exf6 gxf6 29. Bc1 Nxh4 30. Qc4 Qd5 31. Qxd5 exd5 32. Re7 Nf5 33. Rf7
Nxd4 34. Bb2 0-1

[Event "18. Open de Sants Hostafrancs 2016"]
[Site "Barcelona ESP"]
[Date "2016.08.28"]
[Round "10.20"]
[White "Cuartas, Jaime Alexander"]
[Black "Mihajlov, Sebastian"]
[Result "1-0"]
[WhiteElo "2481"]
[BlackElo "2356"]
[PlyCount "63"]
[EventDate "2016.08.19"]
[EventType "swiss"]
[EventRounds "10"]
[EventCountry "ESP"]
[SourceTitle "Ajedrez en Madrid"]
[Source "lmi"]
[SourceDate "2016.08.19"]

1. e4 e6 2. d4 d5 3. Nc3 Nf6 4. Bg5 Bb4 5. e5 h6 6. Bd2 Bxc3 7. bxc3 Ne4 8. Qg4
Kf8 9. Bd3 Nxd2 10. Kxd2 c5 11. dxc5 Qc7 12. Nf3 Nd7 13. Qd4 Nxc5 14. Rhb1 Bd7
15. a4 Rc8 16. a5 Kg8 17. Ke1 Ne4 18. c4 Nc5 19. cxd5 exd5 20. Kf1 a6 21. Qe3
Ba4 22. Nd4 Bd7 23. Rb6 Nxd3 24. cxd3 Qc3 25. Ra2 Kh7 26. f4 Bg4 27. Kf2 Qc7
28. h3 Bd7 29. Rab2 Rhd8 30. f5 Bc6 31. f6 gxf6 32. Nf5 1-0

[Event "18. Open de Sants Hostafrancs 2016"]
[Site "Barcelona ESP"]
[Date "2016.08.28"]
[Round "10.22"]
[White "Lemeaux, David"]
[Black "Barrientos, Sergio E"]
[Result "0-1"]
[WhiteElo "2315"]
[BlackElo "2466"]
[PlyCount "60"]
[EventDate "2016.08.19"]
[EventType "swiss"]
[EventRounds "10"]
[EventCountry "ESP"]
[SourceTitle "Ajedrez en Madrid"]
[Source "lmi"]
[SourceDate "2016.08.19"]

1. d4 Nf6 2. c4 e6 3. Nc3 c5 4. d5 exd5 5. cxd5 d6 6. e4 g6 7. f4 Bg7 8. Bb5+
Nfd7 9. Bd3 O-O 10. Nf3 Na6 11. O-O Nc7 12. Be3 b6 13. Qd2 Rb8 14. a4 a6 15. f5
b5 16. axb5 axb5 17. Bh6 c4 18. Bxg7 Kxg7 19. Bc2 Ne8 20. Ne2 Nef6 21. Kh1 Ne5
22. Nxe5 dxe5 23. Ng3 Ne8 24. f6+ Nxf6 25. Qg5 Ng4 26. Nh5+ Kg8 27. Nf6+ Nxf6
28. Rxf6 Rb6 29. Raf1 Rxf6 30. Rxf6 Kg7 0-1